Carlos Fuentes : (Record no. 6774)

MARC details
000 -CABECERA
campo de control de longitud fija 01031ngm a2200217 a 4500
005 - FECHA Y HORA DE LA ÚLTIMA TRANSACCIÓN
campo de control 20210223120754.0
008 - ELEMENTOS DE LONGITUD FIJA--INFORMACIÓN GENERAL
campo de control de longitud fija 991125s1998 mx 060 aaspa u
035 ## - NÚMERO DE CONTROL DEL SISTEMA
Número de control de sistema UPN01000006774
049 ## - COLECCIÓN
Colección AV
050 #4 - SIGNATURA TOPOGRÁFICA DE LA BIBLIOTECA DEL CONGRESO
Número de clasificación PV1 P 0724
100 1# - ASIENTO PRINCIPAL--NOMBRE PERSONAL
Nombre de persona Sarmiento, Valeria
245 10 - MENCIÓN DE TÍTULO
Título Carlos Fuentes :
Resto del título un viaje por el tiempo /
Mención de responsabilidad, etc. Valeria Sarmiento, Guy Scarpetta.
260 ## - PUBLICACIÓN, DISTRIBUCIÓN, ETC.
Lugar de publicación, distribución, etc. México :
Nombre del editor, distribuidor, etc. Canal 22 :
-- CNCA,
Fecha de publicación, distribución, etc. 1998.
300 ## - DESCRIPCIÓN FÍSICA
Extensión 1 Videocasete (VHS) (60 min.) :
Otras características físicas son., col.
440 #0 - MENCIÓN DE SERIE/ASIENTO SECUNDARIO--TÍTULO
Título Literatura
500 ## - NOTA GENERAL
Nota general Elenco: Demián Bichir, Pilar Pellicer, Pedro Armendáriz Jr. (La región más transparente)
520 ## - NOTA DE RESUMEN, ETC.
Sumario, etc. Documental que presenta un retrato del país a través de la mirada de Carlos Fuentes, su vida y su obra. Se desglosan de una forma estética sus obras, la interrelación con la política y la historia hasta el análisis de la situación del país dentro de los cambios vertiginosos del siglo XX
600 14 - ASIENTO SECUNDARIO DE MATERIA - NOMBRE PERSONAL
Nombre de persona FUENTES, CARLOS,
Fechas asociadas al nombre 1928-2012
651 #4 - ASIENTO SECUNDARIO DE MATERIA - NOMBRE GEOGRAFICO
Nombre geográfico MEXICO -
Subdivisión general HISTORIA CONTEMPORANEA
9 (RLIN) 21879
905 ## - TIPO DE MATERIAL
Tipo de material Audiovisuales
Holdings
Estado de retiro Estado de pérdida Fuente del sistema de clasificación o colocación Estado dañado No para préstamo Código de colección Localización permanente Ubicación/localización actual Ubicación en estantería Total de préstamos Clasificación Código de barras Fecha visto por última vez Número de copia Tipo de ítem Koha
    Library of Congress Classification     Audiovisuales Bib. Gregorio Torres Quintero Bib. Gregorio Torres Quintero Audiovisual   PVI P 0724 164801 31/12/2020 1 Videocasete